00523nam a2200181 a 45000010005000000030009000050080041000140400028000550820017000831000025001002450043001252600046001683000010002144900028002246500031002526500024002836500034003071866CO-ViMGA141112s2004 ck r 000 u spa d aCO-ViMGAbspacCO-ViMGA04a923.2 B654ar1 aArciniegas, Germán10aBolívar y Santander, vidas paralelas aSantafé de Bogotá : bPlaneta, c1995 a301 p aMemorias de la historia14aBOLIVAR, SIMON 1783 - 183014aCOLOMBIA - HISTORIA14aSANTANDER, FRANCISCO DE PAULA